Statistiques concernant Pays du monde en 1938 - Carte

Cliquez ici pour prendre le quiz!

Statistiques générales

  • Ce quiz a été pris 844 fois
    (814 depuis la dernière actualisation)
  • Le résultat moyen est 65 sur 76

Réponses sur la Carte

Les réponses sont colorées sur une échelle allant du rouge au vert en fonction du pourcentage des utilisateurs qui les ont devinées à leur premier essai. Vous pouvez retrouver ces pourcentages ci-dessous.
 

Statistiques - réponses

Pays% Correct
France
98%
Etats-Unis
96%
Allemagne
95%
Canada
95%
Chine
95%
Espagne
95%
Portugal
95%
Royaume Uni
95%
URSS
95%
Italie
94%
Japon
94%
Mexique
94%
Mongolie
94%
Afrique du Sud
93%
Australie
93%
Belgique
93%
Brésil
93%
Egypte
93%
Finlande
93%
Grèce
93%
Irlande
93%
Norvège
93%
Suède
93%
Suisse
93%
Autriche
92%
Danemark
92%
Estonie
92%
Islande
92%
Pays-Bas
92%
Turquie
92%
Arabie Saoudite
91%
Argentine
91%
Chili
91%
Iran
91%
Lettonie
91%
Lituanie
91%
Pologne
91%
Roumanie
91%
Colombie
90%
Cuba
90%
Hongrie
90%
Irak
90%
Nouvelle Zélande
90%
Pérou
90%
Albanie
89%
Bulgarie
89%
Paraguay
89%
Uruguay
89%
Venezuela
89%
Yougoslavie
89%
Bolivie
88%
Equateur
88%
Népal
88%
Panama
87%
Siam
87%
Afghanistan
85%
Luxembourg
85%
Tchécoslovaquie
85%
Costa Rica
84%
Haiti
84%
Honduras
83%
République Dominicaine
83%
Nicaragua
82%
Yémen
82%
Guatemala
81%
Liberia
81%
Andorre
80%
Salvador
78%
Vatican
78%
Saint Marin
76%
Monaco
75%
Liechtenstein
74%
Tibet
63%
Dantzig
25%
Touva
16%
Hatay
6%

Distribution des résultats

Percentile par nombre de réponses

% des personnes avec chaque résultat

Votre développement - résultats

Vous n’avez pas pris ce quiz depuis la dernière actualisation